00384nam a2200109Ia 4500008004100000100001900041245004700060260006400107300001800171650001500189856007000204160712s9999 xx 000 0 und d aManalo, Paolo. cPaolo ManaloaJHemLeT, PhRInZ op JHenMarK! c2013bJournal of English Studies and Comparative Literature avol. 13 no. 1 xLITERATURE uhttp://journals.upd.edu.ph/index.php/jescl/issue/view/410/showToc